Rubber Bordinte vikasanapadhathikal (Record no. 75553)
[ view plain ]
| 000 -LEADER | |
|---|---|
| fixed length control field | 00233nam a22000977a 4500 |
| 100 ## - MAIN ENTRY--AUTHOR NAME | |
| Personal name | Chandralekha, K. |
| 245 ## - TITLE STATEMENT | |
| Title | Rubber Bordinte vikasanapadhathikal |
| 260 ## - PUBLICATION, DISTRIBUTION, ETC. (IMPRINT) | |
| Name of publisher | Rubber, 710(July): 12-14. |
| Year of publication | 2025 |
| 300 ## - PHYSICAL DESCRIPTION | |
| Other physical details | Malayalam |
| 942 ## - ADDED ENTRY ELEMENTS (KOHA) | |
| Koha item type | Journals |
| Withdrawn status | Lost status | Damaged status | Not for loan | Home library | Current library | Date acquired | Koha item type |
|---|---|---|---|---|---|---|---|
| RRII Library | RRII Library | 06/08/2025 | Journals |